A kábítószerrel visszaélés büntetőjogi megítélése
Elmentve itt :
| Szerző: | |
|---|---|
| További közreműködők: | |
| Dokumentumtípus: | Szakdolgozat |
| Megjelent: |
2004
|
| Tárgyszavak: | |
| Online Access: | http://diploma.bibl.u-szeged.hu/28409 |
| LEADER | 00569nta a2200157 i 4500 | ||
|---|---|---|---|
| 001 | dipl28409 | ||
| 005 | 20130314085608.0 | ||
| 008 | 110713s2004 hu om 0|| zxx d | ||
| 040 | |a SZTE Diploma Repozitórium |b hun | ||
| 041 | |a zxx | ||
| 100 | 1 | |a Sivók Sándor | |
| 245 | 1 | 2 | |a A kábítószerrel visszaélés büntetőjogi megítélése |h [elektronikus dokumentum] / |c Sándor Sivók |
| 260 | |c 2004 | ||
| 650 | 4 | |a Jogi és igazgatási tanulmányok | |
| 700 | 1 | |a Karsai Krisztina |e ths | |
| 856 | 4 | 0 | |u http://diploma.bibl.u-szeged.hu/id/eprint/28409/1/2004_sivok_sandor.pdf |z Dokumentum-elérés |